Introduction to molecular biology of cell / (Record no. 53810)

MARC details
000 -LEADER
fixed length control field 00425nam a2200145Ia 4500
005 - DATE AND TIME OF LATEST TRANSACTION
control field 20260430133739.0
008 - FIXED-LENGTH DATA ELEMENTS--GENERAL INFORMATION
fixed length control field 260429s9999||||xx |||||||||||||| ||und||
020 ## - INTERNATIONAL STANDARD BOOK NUMBER
International Standard Book Number 9781666867244
082 ## - DEWEY DECIMAL CLASSIFICATION NUMBER
Classification number 572.8
Item number MIL
100 ## - MAIN ENTRY--PERSONAL NAME
Personal name Miller, Bennett
245 #0 - TITLE STATEMENT
Title Introduction to molecular biology of cell /
Statement of responsibility, etc Bennett Miller
260 ## - PUBLICATION, DISTRIBUTION, ETC. (IMPRINT)
Place of publication, distribution, etc Wilmington, DE :
Name of publisher, distributor, etc American Academic Publisher,
Date of publication, distribution, etc 2024.
300 ## - PHYSICAL DESCRIPTION
Extent xvi, 318 p.; hb
942 ## - ADDED ENTRY ELEMENTS (KOHA)
Koha item type Coaching cell/ UGC NET Cell
Holdings
Withdrawn status Lost status Damaged status Not for loan Home library Location Shelving location Date of Cataloging Source of acquisition Total Checkouts Full call number Barcode Date last seen Price effective from Koha item type
        CUTN Central Library CUTN Central Library Sciences 30/04/2026 UGC NET cell books   572.8 MIL 55452 30/04/2026 30/04/2026 Coaching cell/ UGC NET Cell